000 01689cam a22004934i 4500
003 PE-LiUPU
005 20250731180113.0
008 150623s1968 mx a r 000 0 sp d
035 _a(Sirsi) a24200
040 _aPE-LiUPU
_bspa
_cPE-LiUPU
_erda
082 0 4 _a510
_bB95
_221
100 1 _aBush, George C.,
_eautor.
245 1 0 _aIntroducción a la matemática superior /
_c[Por] George C. Bush [y] Phillip E. Obreanu ; [tr. Federico Velasco] .
264 1 _aMéxico :
_bTrillas,
_c1968.
300 _a453 páginas :
_bilustraciones, gráficos, cuadros ;
_c22 cm.
336 _atext
_2rdacontent
337 _aunmediated
_2rdamedia
338 _avolume
_2rdacarrier
505 0 _aConjuntos. -Sistemas numéricos. -Sistemas algebraicos. -Geometría analítica. -Cálculo diferencial. -Cálculo integral.
526 _aSEG44
526 _aSEG26
526 _aP159
526 _aP155
526 _aP154
526 _aP153
526 _aP150
526 _aP100
526 _aP31
526 _aP30
526 _aP26
526 _aP25
526 _aP24
526 _aP22
526 _aP15
526 _aP10
650 0 4 _aAnálisis matemático.
_95276
700 1 _aObreanu, Phillip,
_eautor.
700 1 _aVelasco, Federico,
_etr.
942 _2ddc
_cBOOK
949 _a510 B95
_wDEWEY
_c1
_i48467
_lCCODEBUL1
_mBUL
_p00.00
_r0
_sY
_tBOOK
_u2015-06-24
_xINGENIERIA
_zUNKNOWN
_0COMPRA
_o.STAFF. Colección General
596 _a1
999 _a510 B95
_wDEWEY
_c27519
_i48467
_d27519
_e2017-4-17
_f2021-11-9
_g7
_lCCODEBUL1
_mBUL
_n2
_p38.00
_q1
_r0
_sY
_tBOOK
_u2015-6-24
_xINGENIERIA
_zUNKNOWN
_0COMPRA
_o.STAFF. Colección General
980 _81
_gALBERTO SANCHEZ Responsable de Automatización